|
|
|
|
| LEADER |
00937nam a2200301 4500 |
| 001 |
DLU110129568 |
| 005 |
##20111223 |
| 040 |
# |
# |
|a DLU
|b eng
|
| 041 |
# |
# |
|a eng
|
| 044 |
# |
# |
|a uk
|
| 100 |
# |
# |
|a Leung, Janny H. C.
|
| 245 |
# |
# |
|a The implicit learning of mappings between forms and contextually derived meanings /
|c Janny H. C. Leung, John N. Williams.
|
| 653 |
# |
# |
|a Cognitive style
|
| 653 |
# |
# |
|a Language acquisition
|
| 653 |
# |
# |
|a Linguistics
|
| 653 |
# |
# |
|a Psychology of learning
|
| 653 |
# |
# |
|a Vocabulary development
|
| 700 |
# |
# |
|a Williams, John N.
|
| 773 |
# |
# |
|t Studies in Second Language Acquisition
|g Vol. 33, no. 1 (March 2011), p. 33-55
|
| 920 |
# |
# |
|a Phòng Tạp chí -- Trung tâm Thông tin - Thư viện Trường Đại học Đà Lạt
|
| 994 |
# |
# |
|a DLU
|
| 900 |
# |
# |
|a True
|
| 911 |
# |
# |
|a Trương Bảo Trâm Anh
|
| 925 |
# |
# |
|a G
|
| 926 |
# |
# |
|a A
|
| 927 |
# |
# |
|a BB
|
| 980 |
# |
# |
|a Thư viện Trường Đại học Đà Lạt
|